Identidades culturales y relaciones de poder en las prácticas educativas: construcción de subjetividad y malestar docente
Saved in:
| Main Authors: | , , , , , , , , , , , |
|---|---|
| Format: | Book |
| Language: | Spanish |
| Published: |
Buenos Aires
Novedades Educativas
2004
|
| Edition: | 1a. ed |
| Series: | Colección Ensayos y Experiencias, 54
|
| Subjects: | |
| Tags: |
Add Tag
No Tags, Be the first to tag this record!
|
MARC
| LEADER | 00000nam a2200000 a 4500 | ||
|---|---|---|---|
| 001 | UCK3729 | ||
| 003 | CL-VaPUC | ||
| 008 | 050506e20040000AG |||||||||||||||||spa|d | ||
| 020 | |a 9875380997 | ||
| 082 | 0 | 4 | |a 371.1412 |b MAR |2 21 |
| 100 | |a Martínez, Deolidia |e autora |9 491965 | ||
| 700 | 0 | |a Nemiña, Gabriela |e author |9 491966 | |
| 700 | 0 | |a Vásquez, María José |e author |9 491967 | |
| 700 | 0 | |a Galano, Carlos |e author |9 491968 | |
| 700 | 0 | |a Liss, Manuel A |e author |9 491969 | |
| 700 | 0 | |a Collazo, Marité |e author |9 491970 | |
| 700 | 0 | |a Fossati, María Cristina |e author |9 491971 | |
| 700 | 0 | |a Balduzzi, Juan |e author |9 491972 | |
| 700 | 0 | |a Loys, Gladys |e author |9 491973 | |
| 700 | 0 | |a Juárez, Nilda Josefina |e author |9 491974 | |
| 700 | 0 | |a Alvarez, Graciela |e author |9 491975 | |
| 700 | 0 | |a García, Ana |e author |9 491976 | |
| 245 | 1 | 0 | |a Identidades culturales y relaciones de poder en las prácticas educativas: construcción de subjetividad y malestar docente |
| 250 | |a 1a. ed | ||
| 300 | |a 117 p | ||
| 942 | |c BK | ||
| 945 | |d 20050506 00:00:00 |a jcarroza | ||
| 260 | |a Buenos Aires |b Novedades Educativas |c 2004 | ||
| 650 | 0 | |a Docentes |9 311365 | |
| 650 | 0 | |a Relaciones laborales |9 335971 | |
| 650 | 0 | |a Trabajadores |9 260887 | |
| 650 | 0 | |a Conflictos |9 332195 | |
| 583 | |a last modification |c 20050506 00:00:00 |k Rodrigo Vera | ||
| 490 | 0 | |a Colección Ensayos y Experiencias, 54 | |
| 999 | |c 312823 |d 312821 | ||
| 952 | |0 0 |1 0 |4 0 |6 371_141200000000000_MAR_2004 |7 0 |8 A |9 383661 |a BIBEDU |b BIBEDU |d 2019-11-21 |i 4119975 |o 371.1412 MAR 2004 |p 4119975 |r 2019-11-21 |w 2019-11-21 |y BK |k EBA | ||